PAROLES - PLK - SAC A DOS - Statistiques

Statistiques générales
  • Ce quiz a été pris 79 fois
  • Le résultat moyen est 215 sur 367
Statistiques - réponses
Réponse % Correct
sa
98%
à
94%
a
94%
un
94%
dos
92%
la
90%
90%
ma
90%
m'a
90%
sac
90%
baladé
88%
balade
88%
comme
88%
en
84%
maman
84%
papa
84%
pas
84%
ça
82%
je
82%
le
82%
n'aime
82%
R
82%
tout
82%
de
80%
du
80%
Enfant
80%
mamie
80%
pour
80%
pourquoi
80%
divorce
78%
me
78%
ta
76%
t'a
76%
blanc
75%
j'suis
75%
lavabo
75%
narvalo
75%
chez
73%
coeur
73%
j'ai
73%
mercredi
73%
faire
71%
si
71%
ce
69%
juge
69%
on
69%
que
69%
son
69%
bureau
67%
dans
67%
jamais
67%
ou
67%
67%
casse
65%
j'étais
65%
capable
63%
compris
63%
l'autre
63%
Navarro
63%
plus
63%
droite
61%
gauche
61%
naïf
61%
patate
61%
c'est
59%
chaude
59%
galère
59%
j'finis
59%
les
59%
t'es
59%
boulot
57%
couilles
57%
demandé
57%
d'sentiments
57%
et
57%
peut
57%
des
55%
j'pense
55%
moi
55%
p't'être
55%
tu
55%
oit
53%
père
53%
qui
53%
qu'on
53%
cette
51%
côté
51%
est
51%
mais
51%
mère
51%
ton
51%
quand
49%
veut
49%
au
47%
bah
45%
faute
45%
suis
45%
t'demande
45%
toi
45%
adulte
43%
comment
43%
guerre
43%
il
43%
l'ai
43%
ne
43%
préfères
43%
alimentaire
41%
armé
41%
base
41%
bataille
41%
dessus
41%
d'une
41%
dur
41%
flûte
41%
mes
41%
sans
41%
sur
41%
week-end
41%
calmer
39%
choses
39%
crée
39%
crié
39%
dit
39%
grandi
39%
j'en
39%
pension
39%
proviseur
39%
rien
39%
trop
39%
espionnage
37%
explose
37%
fort
37%
giflé
37%
gosse
37%
j'sais
37%
milieu
37%
parents
37%
parle
37%
peur
37%
t'as
37%
toiture
37%
vie
37%
voulu
37%
avec
35%
chacun
35%
comprend
35%
deux
35%
failles
35%
immeuble
35%
j'aime
35%
manière
35%
même
35%
ont
35%
t'élève
35%
truc
35%
vrai
35%
dar
33%
devenu
33%
dictateurs
33%
j'comprends
33%
l'air
33%
l'champ
33%
l'école
33%
mécano
33%
mille-fa
33%
non
33%
pire
33%
résolues
33%
s'aiment
33%
s'crie
33%
trace
33%
darons
31%
fout
31%
j'te
31%
laisser
31%
l'heure
31%
maintenant
31%
monte
31%
personne
31%
placer
31%
qu'personne
31%
volume
31%
après
29%
chaos
29%
ciel
29%
dedans
29%
demi-frère
29%
demi-soeur
29%
dirait
29%
donc
29%
évolue
29%
j'angoisse
29%
j'passe
29%
monde
29%
m'réparer
29%
paros
29%
pleine
29%
qu't'as
29%
s'éclaire
29%
sin-cou
29%
t'construis
29%
tempête
29%
trucs
29%
y'a
29%
barre
27%
demi-coeur
27%
d'ssus
27%
s'passe
27%
t'comprends
27%
y'en
27%
d'questions
25%
eux
25%
part
25%
educateur
24%
foutre
24%
JAF
24%
l'bureau
24%
sociale
24%
rage
22%
s'développe
20%
enquête
18%
j'veux
18%
Aucun quiz correspondant
Distribution des résultats
% des personnes avec chaque résultat
Percentile par nombre de réponses
Votre historique - résultats
Vous n’avez pas pris ce quiz